00737cam a2200217 a 4500001000800000005001700008008004100025010001700066020001500083040001800098041000800116080001800124082002200142100000600164101000800170245015000178906004500328942001200373999001700385952011700402439442720180301075119.0920318s1993 paua 001 0 eng  a 92005763  a0721646794 aDLCcDLCdDLC aeng a636.70896 ETT00a636.70896 ETT2201 a7 aZOO10aPocket companion to Textbook of veterinary internal medicine /cStephen J. Ettinger ; compiling editors, California Animal Hospital ... [et al.]. a7bcbccorignewd1eocipf19gy-gencatlg 2ddccBK c43843d43843 00102udc40708PËKGa002b002cPËKGd2018-03-01l0o636.70896 ETTp002-3000554r2018-03-01w2018-03-01yBK